| 000 | 00435nam a2200169Ia 4500 | ||
|---|---|---|---|
| 008 | 130318s9999 xx 000 0 und d | ||
| 020 | _a70435928 | ||
| 082 | _a005.133J2 SCH/C | ||
| 100 | _aSchildt, Herbert | ||
| 245 | _aThe complete reference Java 2 | ||
| 250 | _a4 | ||
| 260 |
_bTata Mc Graw Hill _aNew Delhi _c2001 |
||
| 300 | _a1077 | ||
| 650 | _aJAVA-2 | ||
| 650 | _aOBJECT ORIENTED PROGRAMMING | ||
| 650 | _aPROGRAMMING LANGUAGE | ||
| 999 |
_c391 _d391 |
||